00500nam a2200145Ia 4500003000900000008004100009020002600050040001600076100002200092245005200114260003200166300002000198490003300218856010300251IN-BaIIA211028s9999 xx s 000 0 eng d a9780819420541 (Print) cIIA Library aCohn, Gerald, ed. 0aUltrasensitive Biochemical Diagnosticsh[eBook] aWashington, USAbSPIEc1996 aOnline resource aProceedings of SPIE; V. 2680 uhttps://www.spiedigitallibrary.org/conference-proceedings-of-spie/2680yClick Here to Access eBook